Uses and Abuses of Economic Impact Studies in Tourism
Ekonomický vplyv udalostí v turizme, skúmaný v oblastiach: druh ekonomického vplyvu, voľné otvorené podujatie alebo so vstupenkou, dĺžka trvania udalosti, výdavky návštevníka.
Salvato in:
| Autore principale: | |
|---|---|
| Altri autori: | , |
| Natura: | Capitolo di libro |
| Lingua: | inglese |
| Soggetti: | |
| Tags: |
Nessun Tag, puoi essere il primo ad aggiungerne!!
|
MARC
| LEADER | 00000naa a2200000 4500 | ||
|---|---|---|---|
| 001 | 0211087 | ||
| 005 | 20260310075040.6 | ||
| 041 | 0 | |a eng | |
| 044 | |a US | ||
| 245 | 1 | 0 | |a Uses and Abuses of Economic Impact Studies in Tourism |c Semoon Chang, Hwa-Kyung Kim, Katarína Petrovčíková |
| 520 | |a Ekonomický vplyv udalostí v turizme, skúmaný v oblastiach: druh ekonomického vplyvu, voľné otvorené podujatie alebo so vstupenkou, dĺžka trvania udalosti, výdavky návštevníka. | ||
| 610 | 2 | 0 | |a odhady |
| 610 | 2 | 0 | |a multiplikátor |
| 610 | 2 | 0 | |a výdavky |
| 610 | 2 | 0 | |a ruch cestovný |
| 100 | 1 | |a Chang, Semoon | |
| 700 | 1 | |a Kim, Hwa-Kyung | |
| 700 | 1 | |a Petrovčiková, Katarína, 1977- | |